00593nam a2200217 a 4500001001300000003000900013005001700022008004100039020000900080082001300089245003900102260002500141300000900166500003500175505001300210710001000223902000800233942000700241952011200248999001500360nice12345678IN_TiNIC20260116012315.0050524s1984 dela grp 000 0 eng  ac2000a201bISP aAutobiography of Bishop John Sadiq aDelhi bISPCK c1984 a131p aincludes index and biblioraphy2 aAppendix2 aIspck bSRS cBK 001040708StackRoom-aHMIbHMId2007-03-19g20.00l0o201 ISPp012559r2007-03-19v20.00w2005-05-24yBK c6481d6481